| 000 | 01555cam a22002893a 4500 | ||
|---|---|---|---|
| 001 | 8190 | ||
| 003 | PGUSA | ||
| 005 | 20140828083153.0 | ||
| 008 | 050501s2005||||xxu|||||s|||||000 p eng d | ||
| 040 |
_aPGUSA _beng |
||
| 042 | _adc | ||
| 050 | 4 | _aPR | |
| 100 | 1 |
_aWodehouse, P. G. _q(Pelham Grenville), _d1881-1975 |
|
| 245 | 1 | 2 |
_aA Wodehouse Miscellany : _bArticles and Stories _h[electronic resource] / _cP. G. Wodehouse |
| 260 |
_bProject Gutenberg, _c2005 |
||
| 505 | 0 | _aArticles: Some aspects of game-captaincy. An unfinished collection. The new advertising. The secret pleasures of Reginald. My battle with drink. In defense of astigmatism. Photographers and me. A plea for indoor golf. The alarming spread of poetry. My life as a dramatic critic. The agonies of writing a musical comedy: which shows why librettists pick at the coverlet. On the writing of lyrics. The past theatrical season: and the six best perfomances by unstarred actors -- Poems: Damon and Pythias: a romance. The haunted tram -- Stories: When papa swore in Hindustani. Tom, Dick, and Harry. Jeeves takes charge. Disentangling old Duggie. | |
| 506 | _aPublic domain in the USA. | ||
| 516 | _aElectronic text | ||
| 653 | _aValets -- Fiction | ||
| 653 | _aJeeves (Fictitious character) -- Fiction | ||
| 653 | _aEngland -- Social life and customs -- Fiction | ||
| 653 | _aHumorous stories, English | ||
| 653 | _aWooster, Bertie (Fictitious character) -- Fiction | ||
| 830 | 0 |
_aProject Gutenberg _v8190 |
|
| 856 | 4 | 0 | _uhttp://www.gutenberg.org/ebooks/8190 |
| 942 | _cEB | ||
| 999 |
_c237490 _d237490 |
||